000 00929nam a2200253Ia 4500
001 16404
003 GE_BSU
008 181216s||||||||xx |||||||||||||| ||und||
020 _a9781626370746
040 _cGE_BSU
100 _aWayne C., McWilliams; Harry Piotrowski
245 4 _aThe World Since 1945
245 2 _bA History of International Relations
250 _a8th ed.
260 _aLondon
260 _bLynne Rienner Publishers
260 _c2014.
300 _axi, 620 pages ; 23cm
541 _h102gel
653 _aThe eighth edition of this inroduction to international relations takes the reader from the end of World War II to 2014. New material takes up globalization, events in the Middle East and political and economic changes in East Asia. The book is divided into four parts. Part I, “Origins of the Cold W
653 _aThe World Since 1945
653 _aპოლიტიკა
942 _cBK
999 _c49480
_d49480